[Event "Warsaw Chess Open 2022 - A"]
[Site "Warsaw"]
[Date "1899-12-30"]
[Round "2.20"]
[White "Dubnevych, Maksym"]
[Black "Spicak, Krzysztof"]
[Result "1-0"]
[WhiteTitle ""]
[BlackTitle "k"]
[WhiteElo "2131"]
[BlackElo "1858"]

1. d4 Nf6 2. c4 e6 3. g3 Bb4+ 4. Bd2 a5 5. Bg2 O-O 6. Nf3 Qe7 7. O-O Bxd2 8. Nbxd2
d6 9. e3 e5 10. c5 e4 11. cxd6 cxd6 12. Ng5 d5 13. Nh3 Bg4 14. Qe1 Qd7 15. Nf4
g5 16. Ne2 Bxe2 17. Qxe2 g4 18. Rfc1 Na6 19. a3 Rfc8 20. Bf1 Nc7 21. Qd1 b6 22.
Rab1 Nce8 23. Qb3 Qb7 24. Rc3 Nd6 25. Rbc1 Rxc3 26. bxc3 b5 27. a4 b4 28. cxb4
Qxb4 29. Rc6 Nde8 30. Qxb4 axb4 31. Bb5 Kf8 32. Nb3 Ke7 33. a5 Nd7 34. Ba4 Ra7
35. Rc8 Nd6 36. Rg8 Nc4 37. Bxd7 Kxd7 38. a6 Ke7 39. Nc5 b3 40. Nxb3 Rxa6 41.
Rxg4 Ra3 42. Nc5 Ra1+ 43. Kg2 Nd2 44. Rf4 Re1 45. Rf5 Nf3 46. Rxd5 Rg1+ 47. Kh3
Rh1 48. Nxe4 Rxh2+ 49. Kg4 Ne1 50. Re5+ Kf8 51. Ra5 Nd3 52. Kf3 Rh1 53. Rb5 Ra1
54. Ke2 Nc1+ 55. Kd2 Na2 56. Ra5 Kg7 57. Nc3 Rf1 58. Rxa2 Rxf2+ 59. Kd3 Rf3 60.
Ne2 h5 61. Ra5 Kh6 62. d5 Rf6 63. Rc5 1-0

[Event "Warsaw Chess Open 2022 - A"]
[Site "Warsaw"]
[Date "1899-12-30"]
[Round "2.21"]
[White "Meers, Hubert"]
[Black "Dalkowski, Rafal"]
[Result "1-0"]
[WhiteTitle "k"]
[BlackTitle "k"]
[WhiteElo "2003"]
[BlackElo "2120"]

1. e4 c6 2. d4 d5 3. Nd2 dxe4 4. Nxe4 Bf5 5. Ng3 Bg6 6. Nh3 e6 7. c3 Bd6 8. Nf4
Qh4 9. Qf3 Nf6 10. Be2 Nbd7 11. Nf1 Nd5 12. g3 Qe7 13. Nxg6 hxg6 14. Ne3 N7f6
15. c4 Nxe3 16. Qxe3 c5 17. O-O O-O 18. dxc5 Bxc5 19. Qg5 Rfd8 20. Be3 e5 21.
Rad1 a5 22. Bf3 Bd4 23. Rd2 Qb4 24. Rfd1 Qxc4 25. Bxb7 Rab8 26. Bxd4 exd4 27.
Qxa5 Rd6 28. Bg2 Rbd8 29. Rd3 Ng4 30. h3 Nh6 31. b3 Qe6 32. Re1 Qd7 33. a4 f6
34. Qd2 Nf7 35. f4 Nh6 36. g4 Nf7 37. Be4 g5 38. Bg6 Rd5 39. Bf5 Rxf5 40. gxf5
Qxf5 41. Rxd4 Rxd4 42. Qxd4 Qxh3 43. Re8+ Kh7 44. Qe4+ 1-0

[Event "Warsaw Chess Open 2022 - A"]
[Site "Warsaw"]
[Date "1899-12-30"]
[Round "2.22"]
[White "Gradalski, Olaf"]
[Black "Siekanska, Zuzanna"]
[Result "1-0"]
[WhiteTitle "k"]
[BlackTitle "I++"]
[WhiteElo "2049"]
[BlackElo "1712"]

1. d4 d5 2. c4 e6 3. Nc3 Nf6 4. cxd5 exd5 5. Bg5 c6 6. e3 h6 7. Bh4 Be7 8. Bd3
O-O 9. Nge2 Nbd7 10. O-O Ne4 11. Bxe7 Qxe7 12. Nxe4 dxe4 13. Bc2 f5 14. Nf4 Kh7
15. f3 Nf6 16. fxe4 fxe4 17. Nh5 Bd7 18. Nxf6+ Rxf6 19. Rxf6 gxf6 20. Qh5 Rg8
21. Qc5 Qe6 22. Rf1 Rg5 23. Qf8 f5 24. Bb3 Qg6 25. Rf2 Qg7 26. Qb8 Rg4 27. Qxa7
h5 28. Qb8 f4 29. exf4 Qxd4 30. Qe5 Qxe5 31. fxe5 Be8 32. Rf8 Bg6 33. Kf2 e3+
34. Kxe3 Re4+ 35. Kd2 Rxe5 36. Rb8 Re7 37. Rd8 Be4 38. Bc2 Bxc2 39. Kxc2 Kg6 40.
Kc3 h4 41. Rd2 Kg5 42. a4 Rh7 43. Kc4 h3 44. Kc5 hxg2 45. Rxg2+ Kf5 46. Kb6 Ke5
47. Rd2 Ke6 48. a5 Ke5 49. h4 Ke6 50. Rh2 Kd6 51. h5 Kd5 52. Rh4 Kd6 53. h6 c5
54. Rh5 c4 55. Kb5 Kc7 56. Kxc4 Kb8 57. Kd5 Ka7 58. Ke6 b6 59. axb6+ Kxb6 60.
Kf6 1-0

[Event "Warsaw Chess Open 2022 - A"]
[Site "Warsaw"]
[Date "1899-12-30"]
[Round "2.23"]
[White "Malek, Jan"]
[Black "Sliwerski, Radoslaw"]
[Result "0-1"]
[WhiteTitle "k++"]
[BlackTitle "k++"]
[WhiteElo "2320"]
[BlackElo "1951"]

1. e4 c5 2. Nf3 d6 3. d4 cxd4 4. Nxd4 Nf6 5. Nc3 a6 6. Rg1 e5 7. Nb3 Be6 8. g4
d5 9. exd5 Nxd5 10. Nxd5 Qxd5 11. Qxd5 Bxd5 12. Be3 Nc6 13. c3 O-O-O 14. Nd2 Be7
15. a4 Kb8 16. Bg2 Bxg2 17. Rxg2 Rd7 18. Ke2 f6 19. b4 Rc8 20. Rgg1 Nd8 21. Rgc1
Ne6 22. Ne4 h5 23. h3 hxg4 24. hxg4 g6 25. Rd1 Rxd1 26. Rxd1 f5 27. Rd7 Rc7 28.
Rxc7 Kxc7 29. gxf5 gxf5 30. Nd2 b5 31. axb5 axb5 32. f3 Kc6 33. Nf1 Kd5 34. Bh6
f4 35. Nd2 Bg5 36. Bxg5 Nxg5 37. Kd3 Nxf3 38. Nb1 e4+ 39. Ke2 Ne5 40. Na3 f3+
41. Kf2 e3+ 0-1

[Event "Warsaw Chess Open 2022 - A"]
[Site "Warsaw"]
[Date "1899-12-30"]
[Round "2.24"]
[White "Keely, Leo A"]
[Black "Terzi, Alexei"]
[Result "0-1"]
[WhiteTitle ""]
[BlackTitle "FM"]
[WhiteElo "1955"]
[BlackElo "2286"]

1. e4 c5 2. Nc3 Nc6 3. f4 g6 4. Nf3 Bg7 5. Bb5 Nd4 6. O-O a6 7. Bd3 d6 8. Nxd4
cxd4 9. Ne2 Nf6 10. b3 O-O 11. Bb2 e5 12. Ng3 b5 13. f5 Bb7 14. Qe2 Re8 15. a4
Qb6 16. axb5 axb5 17. Kh1 Bc6 18. fxg6 fxg6 19. h3 Qb7 20. c4 b4 21. Kh2 h5 22.
c5 dxc5 23. Bc4+ Kh7 24. d3 Rxa1 25. Bxa1 Rf8 26. Bb2 Qe7 27. Kg1 h4 28. Nh1 Nh5
29. Bc1 Bd7 30. Rxf8 Bxf8 31. Qf3 Bh6 32. Bxh6 Kxh6 33. Nf2 Qf6 34. Qd1 Qg5 35.
Qf3 Qf4 36. Qxf4+ Nxf4 37. Kh2 Ne2 38. Nd1 Kg5 39. Nb2 Kf6 40. Na4 Bxa4 41. bxa4
Ke7 42. g4 Nc1 43. a5 Kd6 44. a6 Kc7 45. Bb5 b3 46. Ba4 Kb6 0-1

[Event "Warsaw Chess Open 2022 - A"]
[Site "Warsaw"]
[Date "1899-12-30"]
[Round "2.25"]
[White "Markuszewski, Maksymilian"]
[Black "Sowul, Bartosz"]
[Result "1/2-1/2"]
[WhiteTitle ""]
[BlackTitle "k++"]
[WhiteElo "1931"]
[BlackElo "2283"]

1. d4 Nf6 2. c4 c5 3. d5 b5 4. cxb5 a6 5. f3 g6 6. e4 Bg7 7. Na3 O-O 8. Bc4 e6
9. Ne2 Bb7 10. O-O exd5 11. exd5 d6 12. bxa6 Nxa6 13. Nb5 Qd7 14. Nec3 Nb4 15.
a4 Rfe8 16. Bf4 Bf8 17. Qd2 h6 18. g4 g5 19. Bg3 Rad8 20. Rad1 Qc8 21. b3 Nd7
22. Ne4 Ne5 23. Nf6+ Kg7 24. Nxe8+ Rxe8 25. Bxe5+ Rxe5 26. Nc3 Kg8 27. Rfe1 Bg7
28. Re4 f5 29. Rxe5 Bxe5 30. Re1 fxg4 31. Rxe5 dxe5 32. Kh1 1/2-1/2

[Event "Warsaw Chess Open 2022 - A"]
[Site "Warsaw"]
[Date "1899-12-30"]
[Round "2.26"]
[White "Atkinson, Paul"]
[Black "Zalega, Maciej"]
[Result "1/2-1/2"]
[WhiteTitle "CM"]
[BlackTitle "I+"]
[WhiteElo "2116"]
[BlackElo "1912"]

1. Nf3 Nf6 2. c4 g6 3. b4 Bg7 4. Bb2 O-O 5. g3 d5 6. cxd5 Nxd5 7. Bxg7 Kxg7 8.
Qb3 Qd6 9. Qb2+ Kg8 10. a3 Re8 11. Bg2 e5 12. d3 Nb6 13. O-O f5 14. Nc3 a6 15.
Rad1 Nc6 16. Ng5 Nd4 17. Qa2+ Ne6 18. h4 Kg7 19. Qb2 Nxg5 20. hxg5 c6 21. d4 Kg8
22. dxe5 Qxe5 23. Qc1 Qe7 24. Rfe1 Be6 25. e4 Qf7 26. Bh3 Rad8 27. exf5 Bxf5 28.
Bxf5 Qxf5 29. Rxd8 Rxd8 30. Ne4 Nd5 31. Qc4 Qf7 32. Qd4 Re8 33. Kg2 Qg7 34. Qd2
Rf8 35. f3 Qf7 36. Qd3 Kh8 37. Re2 Qd7 38. Rd2 Rd8 39. Nc5 Qg7 40. Qe2 Qf7 41.
Qe5+ Kg8 42. Re2 Rf8 43. f4 Ra8 44. Qd6 Re8 45. Rxe8+ Qxe8 46. Ne6 Kf7 47. Nd8+
Kg8 48. Qe6+ Qxe6 49. Nxe6 Ne3+ 1/2-1/2

[Event "Warsaw Chess Open 2022 - A"]
[Site "Warsaw"]
[Date "1899-12-30"]
[Round "2.27"]
[White "Ciborowski, Konrad Jr"]
[Black "Ceponis, Tadas"]
[Result "1/2-1/2"]
[WhiteTitle "I++"]
[BlackTitle ""]
[WhiteElo "1904"]
[BlackElo "2093"]

1. Nf3 d5 2. e3 c5 3. b3 Nc6 4. Bb2 a6 5. Be2 Nf6 6. d4 Bg4 7. Nbd2 e6 8. O-O cxd4
9. Nxd4 Bxe2 10. Qxe2 Nxd4 11. Bxd4 Bb4 12. Rfd1 Bxd2 13. Qxd2 O-O 14. Qb4 b5
15. a4 Rb8 16. axb5 axb5 17. Ra5 Qc7 18. Bxf6 gxf6 19. Rxb5 Qxc2 20. Rf1 Rxb5
21. Qxb5 Ra8 22. Qb4 f5 23. g3 Ra2 24. Qh4 Qxb3 1/2-1/2

[Event "Warsaw Chess Open 2022 - A"]
[Site "Warsaw"]
[Date "1899-12-30"]
[Round "2.28"]
[White "Janeczko, Jakub"]
[Black "Celinski, Kamil"]
[Result "1-0"]
[WhiteTitle "I++"]
[BlackTitle "I++"]
[WhiteElo "2080"]
[BlackElo "1876"]

1. Nf3 Nf6 2. g3 b5 3. Bg2 Bb7 4. O-O e6 5. d3 Be7 6. b3 O-O 7. Bb2 c5 8. c4 b4
9. a3 a5 10. Nbd2 d6 11. axb4 axb4 12. Rxa8 Bxa8 13. Qa1 Nc6 14. e3 Bb7 15. d4
Qb6 16. Rd1 Ra8 17. Qb1 Qa6 18. dxc5 dxc5 19. Ng5 h6 20. Bxf6 hxg5 21. Bxe7 Nxe7
22. Bxb7 Qxb7 23. Ne4 Qc7 24. Nxg5 Qe5 25. Qh7+ Kf8 26. Qh8+ Ng8 27. Qh5 Qc7 28.
Nxe6+ fxe6 29. Qf3+ Nf6 30. Qxa8+ Kf7 31. Ra1 Qe5 32. Ra7+ Kg6 33. Qf8 Qb2 34.
Rxg7+ Kf5 35. Qxc5+ e5 36. Qc8+ Ke4 37. Qc6+ Kd3 38. Qxf6 Ke2 39. Kg2 Qxb3 40.
Rd7 Qa4 41. Qf3+ Ke1 42. Rd5 Qa1 43. e4 b3 44. Qe3# 1-0

[Event "Warsaw Chess Open 2022 - A"]
[Site "Warsaw"]
[Date "1899-12-30"]
[Round "2.29"]
[White "Yunusov, Mukhammad"]
[Black "Zaninotto, Franco"]
[Result "0-1"]
[WhiteTitle ""]
[BlackTitle "FM"]
[WhiteElo "1874"]
[BlackElo "2069"]

1. d4 Nf6 2. Bf4 g6 3. Nc3 d5 4. Qd2 Bg7 5. f3 c5 6. dxc5 d4 7. Nb5 Nd5 8. Bxb8
Rxb8 9. Nxd4 Qc7 10. O-O-O Qxc5 11. e4 Bxd4 12. Qxd4 Qxd4 13. Rxd4 Nb6 14. Bb5+
Kf8 15. Ne2 Kg7 16. e5 a6 17. Bc4 Bf5 18. Bb3 Rhc8 19. Rb4 Nd7 20. g4 Nc5 21.
Nc3 Bd7 22. Ne4 Nd3+ 23. Kb1 Nxb4 24. Rd1 Bc6 25. Ng5 e6 26. f4 h6 27. Nh3 Rd8
28. Rg1 Bd5 29. c4 Be4+ 30. Ka1 Nc2+ 31. Kb1 Nd4+ 32. Ka1 0-1

[Event "Warsaw Chess Open 2022 - A"]
[Site "Warsaw"]
[Date "1899-12-30"]
[Round "2.30"]
[White "Pires, Emanuel Joao Robarts"]
[Black "Khamidov, Abdulla"]
[Result "1-0"]
[WhiteTitle "I++"]
[BlackTitle ""]
[WhiteElo "2062"]
[BlackElo "1834"]

1. e4 c5 2. d4 cxd4 3. c3 dxc3 4. Nxc3 Nc6 5. Nf3 e6 6. Bc4 Nf6 7. O-O a6 8. Qe2
Qc7 9. Rd1 Be7 10. e5 Ng4 11. Bf4 g5 12. Nxg5 Bxg5 13. Bxg5 Ncxe5 14. Ne4 f5 15.
Nd6+ Kf8 16. Rac1 Nc6 17. h3 Rg8 18. Bh4 Nh6 19. Qh5 Rg6 20. Bg5 Nf7 21. Qxh7
Rg7 22. Qxg7+ Kxg7 23. Ne8+ Kf8 24. Nxc7 Rb8 25. Be3 Ke7 26. Bb3 d6 27. Nxa6 bxa6
28. Rxc6 a5 29. Rc7+ Kf6 30. Ba7 Ra8 31. Rd3 Ba6 32. Bd4+ Ne5 33. Rg3 f4 34. Rgg7
Kf5 35. f3 Bd3 36. h4 Rh8 37. Rce7 Rxh4 38. Bxe6+ Kf6 39. Bb3 Rh8 40. Ref7# 1-0

[Event "Warsaw Chess Open 2022 - A"]
[Site "Warsaw"]
[Date "1899-12-30"]
[Round "2.31"]
[White "Kostecka, Marika"]
[Black "Kulesza, Andrzej"]
[Result "0-1"]
[WhiteTitle "WCM"]
[BlackTitle "I++"]
[WhiteElo "1836"]
[BlackElo "2051"]

1. e4 c5 2. Nf3 d6 3. d4 cxd4 4. Nxd4 Nf6 5. Nc3 a6 6. Be3 e5 7. Nb3 Be6 8. f3
Be7 9. Qd2 h5 10. Nd5 Nbd7 11. O-O-O Bxd5 12. exd5 Rc8 13. Kb1 Nb6 14. Bxb6 Qxb6
15. Bd3 O-O 16. Bf5 Rc7 17. g4 g6 18. Qh6 Nh7 19. h4 gxf5 20. gxf5 Kh8 21. Nd2
Rg8 22. Ne4 f6 23. Qc1 Rcc8 24. Rhg1 Rxg1 25. Rxg1 Rg8 26. Rg6 Qd4 27. a3 Qxd5
28. Qh6 Qf7 29. Qxh5 d5 30. Nf2 Bf8 31. Nh3 Bg7 32. Qg4 Bh6 33. Qh5 Be3 34. c3
d4 35. cxd4 Rc8 0-1

[Event "Warsaw Chess Open 2022 - A"]
[Site "Warsaw"]
[Date "1899-12-30"]
[Round "2.32"]
[White "Rejniak, Zuzanna"]
[Black "Krasiewicz, Robert"]
[Result "0-1"]
[WhiteTitle "k"]
[BlackTitle "k+"]
[WhiteElo "1813"]
[BlackElo "1999"]

1. e4 d6 2. d4 g6 3. Nc3 Bg7 4. g3 Nc6 5. Be3 e5 6. d5 Nce7 7. Bg2 f5 8. f3 Nf6
9. Nh3 O-O 10. Nf2 c6 11. dxc6 bxc6 12. f4 Nxe4 13. Nfxe4 fxe4 14. fxe5 d5 15.
Bf4 Rb8 16. Rb1 Ba6 17. Qd2 Nf5 18. Kd1 Qe7 19. Kc1 Rb4 20. g4 Rd4 21. gxf5 Rxd2
22. f6 Rxc2+ 23. Kxc2 Qc5 24. Bf1 Qf2+ 25. Bd2 Bh6 26. Rd1 Bd3+ 27. Bxd3 exd3+
28. Kc1 Kf7 29. Nb1 Rb8 30. Na3 Bf4 31. e6+ Kxe6 32. f7 Qd4 33. Rde1+ Kxf7 34.
Bxf4 Qxf4+ 35. Kb1 Qb4 0-1

[Event "Warsaw Chess Open 2022 - A"]
[Site "Warsaw"]
[Date "1899-12-30"]
[Round "2.33"]
[White "Adamski, Adam"]
[Black "Klim, Filip"]
[Result "0-1"]
[WhiteTitle "I"]
[BlackTitle "I++"]
[WhiteElo "1784"]
[BlackElo "1975"]

1. e4 c5 2. b3 Nc6 3. Bb2 d6 4. Bb5 Bd7 5. f4 Nf6 6. d3 Qa5+ 7. Nc3 g6 8. Bxc6
Bxc6 9. Nge2 Bg7 10. O-O O-O 11. Qe1 Qc7 12. Nd1 b5 13. Ne3 Rfe8 14. f5 d5 15.
exd5 Nxd5 16. Nxd5 Bxd5 17. Bxg7 Kxg7 18. Nf4 Bb7 19. Qg3 Qd6 20. Rae1 Kh8 21.
fxg6 hxg6 22. Re6 Qd4+ 23. Kh1 fxe6 24. Nxg6+ Kh7 25. Rf7+ Kh6 26. Nf4 Qa1+ 27.
Ng6 Qd4 28. Qh3+ Kxg6 29. Qh7+ Kg5 30. Rg7+ Kf4 0-1

[Event "Warsaw Chess Open 2022 - A"]
[Site "Warsaw"]
[Date "1899-12-30"]
[Round "2.34"]
[White "Pettersson, Alexander"]
[Black "Bogusz, Alan"]
[Result "1/2-1/2"]
[WhiteTitle "II+"]
[BlackTitle "I"]
[WhiteElo "1968"]
[BlackElo "1794"]

1. d4 Nf6 2. c4 e6 3. Nc3 b6 4. Nf3 Bb7 5. Bg5 Be7 6. Qc2 h6 7. Bh4 d6 8. e3 Nbd7
9. Rd1 O-O 10. Be2 Nh5 11. Bxe7 Qxe7 12. O-O g6 13. Rd2 f5 14. Rfd1 Nhf6 15. b4
Ne4 16. Nxe4 Bxe4 17. Qb3 g5 18. c5 f4 19. exf4 Rxf4 20. Ne1 Bd5 21. Bc4 c6 22.
Re2 Bxc4 23. Qxc4 d5 24. Qd3 Rf6 25. Nf3 b5 26. Ne5 Nxe5 27. Rxe5 a5 28. a3 axb4
29. axb4 Ra4 30. Qb1 Qh7 31. Qb3 Qa7 32. Re2 Ra3 33. Qb1 Qa4 34. h4 g4 35. Rde1
Qa7 36. Re3 Ra2 37. R3e2 Ra3 38. Re3 Ra2 39. Rf1 Ra3 40. Qc1 Ra4 41. Qe1 Qf7 42.
Rg3 Rf4 43. Re3 Rf6 44. Rg3 Rf4 45. Re3 Rf6 46. Rg3 1/2-1/2

[Event "Warsaw Chess Open 2022 - A"]
[Site "Warsaw"]
[Date "1899-12-30"]
[Round "2.35"]
[White "Siekanska, Maria"]
[Black "Shamatava, Nikolozi"]
[Result "0-1"]
[WhiteTitle "k+"]
[BlackTitle ""]
[WhiteElo "1964"]
[BlackElo "1783"]

1. d4 Nf6 2. c4 e6 3. Nc3 Bb4 4. e3 O-O 5. Bd3 d5 6. cxd5 exd5 7. Nge2 Bg4 8. f3
Bh5 9. O-O c6 10. Qb3 Qe7 11. Qc2 Re8 12. a3 Ba5 13. Bd2 Nbd7 14. Kh1 Bb6 15.
Rae1 Bg6 16. e4 dxe4 17. fxe4 c5 18. Bg5 cxd4 19. Nd5 Qd6 20. Bxf6 Nxf6 21. Nxf6+
gxf6 22. Nf4 Re5 23. Nd5 Bd8 24. Qf2 Rxd5 25. exd5 Bc7 26. Qh4 Bxd3 27. Rxf6 Qf8
28. Qxd4 Bg6 29. d6 Bb6 30. Qe5 Rd8 31. a4 Rd7 32. Rd1 Bc7 33. h4 h5 34. Rd4 Bd8
35. Rf1 Bb6 36. Rd2 Qd8 37. Qf4 Qe8 38. Qf3 Qe6 39. Rfd1 Be4 40. Qg3+ Kh7 41.
b4 f5 42. Qg5 Qg6 43. Qxg6+ Kxg6 44. Re1 Kf6 45. Kh2 Ke6 46. Kg3 Rg7+ 47. Kh3
Bd8 48. Re3 Rg4 49. g3 Rg6 50. Kh2 Kd7 51. Rc3 Rxd6 52. Rxd6+ Kxd6 53. Kg1 Bf6
54. Rc8 Kd5 55. Kf2 Kd4 56. Rc7 Kd3 57. b5 Bd4+ 58. Kf1 Ke3 59. Rc8 Kf3 60. Rg8
Bf2 0-1

[Event "Warsaw Chess Open 2022 - A"]
[Site "Warsaw"]
[Date "1899-12-30"]
[Round "3.1"]
[White "Janik, Igor"]
[Black "Antolak, Julia"]
[Result "1-0"]
[WhiteTitle "GM"]
[BlackTitle "WGM"]
[WhiteElo "2519"]
[BlackElo "2399"]

1. Nf3 c5 2. e3 Nc6 3. b3 Nf6 4. Bb2 e6 5. d4 b6 6. Bd3 Bb7 7. a3 Be7 8. O-O O-O
9. Nbd2 d6 10. Qe2 cxd4 11. exd4 Re8 12. Rfe1 Bf8 13. Rad1 g6 14. Nf1 Bg7 15.
Ng3 Qc7 16. b4 Nd7 17. c4 e5 18. d5 Ne7 19. Qd2 a5 20. Ne4 axb4 21. axb4 h6 22.
g4 Ra2 23. Nc3 Rxb2 24. Qxb2 f5 25. gxf5 gxf5 26. Nb5 Qb8 27. Qc2 e4 28. Bxe4
fxe4 29. Qxe4 Nf8 30. Nfd4 Bc8 31. Nc6 Nxc6 32. Qxe8 Ne5 33. Re3 Qb7 34. Nxd6
Qc7 35. Nxc8 Qxc4 36. Ne7+ Kh7 37. Qc8 Qxb4 38. Qf5+ Kh8 39. Rxe5 1-0

[Event "Warsaw Chess Open 2022 - A"]
[Site "Warsaw"]
[Date "1899-12-30"]
[Round "3.2"]
[White "Sriram, Jha"]
[Black "Jarmula, Lukasz"]
[Result "1/2-1/2"]
[WhiteTitle "GM"]
[BlackTitle "GM"]
[WhiteElo "2361"]
[BlackElo "2452"]

1. d4 d5 2. c4 dxc4 3. e4 b5 4. a4 c6 5. axb5 cxb5 6. Nc3 a6 7. Nxb5 axb5 8. Rxa8
Bb7 9. Ra1 e6 10. Ne2 Bxe4 11. Nc3 Bb4 12. Be2 Nf6 13. O-O Bxc3 14. bxc3 O-O 15.
Bg5 h6 16. Bxf6 Qxf6 17. Ra5 b4 18. cxb4 Nc6 19. Rc5 Nxb4 20. Rxc4 Nd5 21. Bf3
Bxf3 22. Qxf3 Qxf3 23. gxf3 Rb8 24. Ra1 Nf4 25. Rca4 Rb3 26. R4a3 Rb5 27. Ra5
Rb3 28. R5a3 Rb5 1/2-1/2

[Event "Warsaw Chess Open 2022 - A"]
[Site "Warsaw"]
[Date "1899-12-30"]
[Round "3.3"]
[White "Danielyan, Vahe"]
[Black "Psyk, Radoslaw"]
[Result "0-1"]
[WhiteTitle "IM"]
[BlackTitle "k++"]
[WhiteElo "2295"]
[BlackElo "2411"]

1. e4 c5 2. Nf3 e6 3. d4 cxd4 4. Nxd4 Nc6 5. Bf4 d6 6. Nxc6 bxc6 7. Bd3 Nf6 8.
O-O e5 9. Be3 Be7 10. c4 O-O 11. Nc3 Be6 12. Qa4 Qc7 13. Rac1 Qb7 14. b3 Rfd8
15. Rfd1 a5 16. h3 Nd7 17. Nd5 Bf8 18. Be2 Nc5 19. Bxc5 cxd5 20. Be3 d4 21. Bg5
f6 22. Bd2 Bd7 23. Qa3 d5 24. c5 dxe4 25. Bc4+ Kh8 26. Bxa5 Qa7 27. b4 Bxc5 28.
Qb3 Bb6 29. Bxb6 Qxb6 30. b5 Rac8 31. a4 d3 32. Qb2 Be8 33. Qd2 Qd4 34. Bb3 f5
35. g3 f4 36. gxf4 Bh5 37. Rxc8 Rxc8 38. Rc1 Rf8 39. f5 Bf3 40. a5 h6 41. Be6
e3 42. fxe3 Qh4 43. Kh2 Bg4 44. Bd5 Bxh3 45. Rc4 Bg4+ 46. Kg2 Qh3+ 47. Kg1 Qg3+
48. Bg2 Bf3 49. Rc7 Rxf5 50. e4 Bxg2 0-1

[Event "Warsaw Chess Open 2022 - A"]
[Site "Warsaw"]
[Date "1899-12-30"]
[Round "3.4"]
[White "Nguyen, Piotr"]
[Black "Dev, Shah"]
[Result "1-0"]
[WhiteTitle "IM"]
[BlackTitle "CM"]
[WhiteElo "2404"]
[BlackElo "2292"]

1. g3 Nf6 2. Bg2 d5 3. Nf3 c6 4. d4 Bf5 5. c4 e6 6. Nc3 h6 7. Qb3 Qb6 8. c5 Qxb3
9. axb3 Be7 10. b4 O-O 11. h3 Ne4 12. g4 Bh7 13. Bf4 g5 14. Bh2 a6 15. Nd2 Nxd2
16. Kxd2 Nd7 17. e3 f5 18. f4 Nf6 19. Bf3 Ne4+ 20. Bxe4 fxe4 21. h4 gxh4 22. Bg1
h5 23. g5 Bf5 24. Rxh4 Bg4 25. Nd1 Kg7 26. Nf2 Bf3 27. Bh2 Kg6 28. Rf1 Bg2 29.
Rg1 Bf3 30. Rf1 Bg2 31. Rg1 Bf3 32. Rg3 b6 33. Nd3 exd3 34. Rxf3 b5 35. Kxd3 a5
36. bxa5 Rxa5 37. e4 dxe4+ 38. Kxe4 Ra1 39. Bg3 Ra4 40. b3 Ra2 41. Re3 Rd2 42.
Be1 Rd1 43. Ba5 Bd8 44. Bb6 Be7 45. Bc7 Rc8 46. Be5 Ra8 47. Bd6 Bf8 48. Kf3 Bg7
49. Be5 Bf8 50. Bf6 Re8 51. Ke4 Be7 52. Bxe7 Rxe7 53. Ke5 Re8 54. Kd6 Rxd4+ 55.
Kxc6 b4 56. Kb6 e5 57. f5+ Kxg5 58. Rxd4 Rb8+ 59. Kc7 exd4 60. Rg3+ Kf4 61. Rd3
Rh8 62. Rxd4+ Kxf5 63. c6 Ke5 64. Rh4 Rh7+ 65. Kb6 Kd6 66. Rxb4 h4 67. Rd4+ Ke5
68. Rd1 Kd5 1-0

[Event "Warsaw Chess Open 2022 - A"]
[Site "Warsaw"]
[Date "1899-12-30"]
[Round "3.5"]
[White "Pacan-milej, Kosma"]
[Black "Jaskolka, Tomasz"]
[Result "1/2-1/2"]
[WhiteTitle "FM"]
[BlackTitle "CM"]
[WhiteElo "2412"]
[BlackElo "2194"]

1. Nf3 d5 2. c4 c6 3. e3 Nf6 4. Nc3 a6 5. d4 Bf5 6. Qb3 Ra7 7. a4 b6 8. Bd2 e6
9. Rc1 Bd6 10. Be2 h6 11. O-O O-O 12. Rfd1 a5 13. Ne5 Bxe5 14. dxe5 Nfd7 15. Be1
Na6 16. cxd5 Nac5 17. Qa3 exd5 18. f4 Qe8 19. Bf2 Rb7 20. b4 axb4 21. Qxb4 Qe6
22. h3 Ra8 23. g4 Bh7 24. Bg3 Qe8 25. f5 Nxe5 26. Qf4 f6 27. Rb1 Qe7 28. e4 Nxa4
29. Ra1 Qc5+ 30. Kf1 Qxc3 31. exd5 Rba7 32. Rdc1 Qb3 33. dxc6 b5 34. c7 Rc8 35.
Rcb1 Qd5 36. Bxb5 Raxc7 37. Bxa4 Qh1+ 38. Ke2 Qg2+ 39. Qf2 Qe4+ 40. Kf1 Qh1+ 41.
Ke2 Qxh3 42. Bxe5 Qxg4+ 43. Qf3 Qxf3+ 44. Kxf3 fxe5 45. Bb3+ Kf8 46. Be6 Re8 47.
Rb5 Bg8 48. Rxe5 Bxe6 49. fxe6 Rc6 50. Rae1 Ke7 51. Kg4 g6 52. R5e4 Rec8 53. Ra1
R8c7 54. Rh1 Rc4 55. Kf3 Rxe4 56. Kxe4 h5 57. Rg1 Rc4+ 58. Ke5 Rg4 59. Ke4 1/2-1/2

[Event "Warsaw Chess Open 2022 - A"]
[Site "Warsaw"]
[Date "1899-12-30"]
[Round "3.6"]
[White "Fus, Jakub"]
[Black "Czernek, Tymon"]
[Result "1-0"]
[WhiteTitle "FM"]
[BlackTitle "FM"]
[WhiteElo "2389"]
[BlackElo "2188"]

1. e4 c5 2. Nf3 d6 3. Bb5+ Nd7 4. O-O Ngf6 5. Re1 a6 6. Bf1 e6 7. c3 Be7 8. d4
cxd4 9. cxd4 d5 10. e5 Ne4 11. Nbd2 Nxd2 12. Bxd2 O-O 13. Rc1 Re8 14. a4 Nf8 15.
Qb3 Bd7 16. a5 Bc6 17. Bb4 Ng6 18. Rc3 f5 19. exf6 Bxf6 20. Rce3 Qd7 21. g3 Ba4
22. Qc3 Rac8 23. Bc5 Qf7 24. b4 Bd7 25. Qd2 Bd8 26. h4 Qf5 27. Bd3 Qh5 28. Be2
Qf5 29. h5 Nf8 30. Ne5 Bc7 31. Rf3 Qh3 32. Rxf8+ Rxf8 33. Bg4 1-0

[Event "Warsaw Chess Open 2022 - A"]
[Site "Warsaw"]
[Date "1899-12-30"]
[Round "3.7"]
[White "Krawczyk, Flawian"]
[Black "Sieciechowicz, Marcin"]
[Result "0-1"]
[WhiteTitle "I++"]
[BlackTitle "IM"]
[WhiteElo "2162"]
[BlackElo "2383"]

1. d4 Nf6 2. c4 g6 3. Nc3 d5 4. cxd5 Nxd5 5. e4 Nxc3 6. bxc3 Bg7 7. Bc4 c5 8. Ne2
Nc6 9. Be3 O-O 10. O-O Qc7 11. Rc1 e6 12. Qd2 b6 13. h4 Rd8 14. Rfd1 Ne5 15. Bb3
c4 16. Bc2 Ng4 17. Bf4 e5 18. Bg3 Bh6 19. f4 Bb7 20. Rb1 f5 21. Rb4 Kh8 22. Rf1
fxe4 23. Ba4 exd4 24. Nxd4 Nf6 25. Qe2 Bd5 26. Bh2 Bf8 27. Rb2 Bd6 28. Nb5 Bc5+
29. Kh1 Qe7 30. f5 Rac8 31. Nd4 e3 32. fxg6 hxg6 33. Bc2 Rg8 34. Rbb1 Rce8 35.
Ba4 Ref8 36. Bc2 Ne4 37. Qxe3 Nf2+ 38. Qxf2 Rxf2 39. Rxf2 Bxd4 40. cxd4 Rf8 41.
Rxf8+ Qxf8 42. Bg3 Qa3 43. Be5+ Kg8 44. Kh2 Qxa2 45. Rc1 Qb2 46. Bf4 b5 47. Kg3
b4 48. Kg4 b3 49. Bxg6 Qxg2+ 50. Bg3 Qf3+ 51. Kh3 Be6+ 52. Kh2 Qe2+ 0-1

[Event "Warsaw Chess Open 2022 - A"]
[Site "Warsaw"]
[Date "1899-12-30"]
[Round "3.8"]
[White "Rudolf, Michal"]
[Black "Szczurek, Krzysztof"]
[Result "1/2-1/2"]
[WhiteTitle "FM"]
[BlackTitle "FM"]
[WhiteElo "2361"]
[BlackElo "2151"]

1. d4 d5 2. Nf3 Nf6 3. g3 g6 4. Bg2 Bg7 5. O-O O-O 6. c4 dxc4 7. Na3 c5 8. dxc5
c3 9. Qb3 Ne4 10. bxc3 Nxc5 11. Qc4 Nba6 12. Be3 Qa5 13. Nb1 Qa4 14. Qxa4 Nxa4
15. Nd4 N6c5 16. Nb3 Nxb3 17. axb3 Nxc3 18. Nxc3 Bxc3 19. Rxa7 Rxa7 20. Bxa7 b5
21. Bc5 Be6 22. b4 Bc4 23. Bf3 1/2-1/2

[Event "Warsaw Chess Open 2022 - A"]
[Site "Warsaw"]
[Date "1899-12-30"]
[Round "3.9"]
[White "Poltorak, Sebastian"]
[Black "Dubnevych, Maksym"]
[Result "1-0"]
[WhiteTitle "FM"]
[BlackTitle ""]
[WhiteElo "2322"]
[BlackElo "2131"]

1. e4 c5 2. Nc3 Nc6 3. Bb5 a6 4. Bxc6 dxc6 5. d3 Nf6 6. Be3 e5 7. h3 Bd6 8. Nge2
O-O 9. Qd2 b5 10. Ng3 Re8 11. O-O Be6 12. f4 exf4 13. Bxf4 Bxf4 14. Qxf4 c4 15.
e5 Nd5 16. Nxd5 Qxd5 17. Nh5 Bxh3 18. gxh3 Rxe5 19. Ng3 cxd3 20. cxd3 Rae8 21.
Rf3 f6 22. Nf5 R8e6 23. Raf1 c5 24. Rg3 g6 25. Nh6+ Kg7 26. Ng4 Rf5 27. Qc7+ Kf8
28. Rxf5 Qxf5 29. Qc8+ Ke7 30. Qb7+ Kf8 31. Rf3 Qg5 32. Qxh7 f5 33. Kh2 Re2+ 34.
Rf2 Qf4+ 35. Kg1 Qg3+ 36. Kf1 Re6 37. Qh8+ Kf7 38. Qh7+ Kf8 39. Qh6+ Ke8 40. Nh2
Qxd3+ 41. Kg2 Kd7 42. Nf3 Kc6 43. Qh8 1-0

[Event "Warsaw Chess Open 2022 - A"]
[Site "Warsaw"]
[Date "1899-12-30"]
[Round "3.10"]
[White "Karolczuk, Iwo"]
[Black "Gradalski, Olaf"]
[Result "1-0"]
[WhiteTitle "FM"]
[BlackTitle "k"]
[WhiteElo "2319"]
[BlackElo "2049"]

1. Nf3 Nf6 2. g3 g6 3. Bg2 Bg7 4. O-O O-O 5. d3 d5 6. Nbd2 Re8 7. e4 e5 8. c3 c5
9. exd5 Nxd5 10. Re1 h6 11. Ne4 Na6 12. Qc2 b6 13. h4 Bb7 14. a4 Nac7 15. Ned2
Na6 16. Nc4 Qc7 17. Nh2 f5 18. Qb3 Kh8 19. a5 Re6 20. Nxb6 axb6 21. Bxd5 Bxd5
22. Qxd5 Rae8 23. axb6 Qxb6 24. Qc4 Nb8 25. Be3 e4 26. Bxc5 Qxb2 27. Bd4 Nc6 28.
Bxg7+ Kxg7 29. Rab1 Qd2 30. dxe4 fxe4 31. Red1 Qc2 32. Rd7+ R8e7 33. Qxe6 Qxb1+
34. Nf1 Qd3 35. Rxe7+ 1-0